Normal view
MARC view
- Norberg-Schulz, Christian
Entry Personal Name
001 - CONTROL NUMBER
- control field: 27122
003 - CONTROL NUMBER IDENTIFIER
- control field: NUST
005 - DATE AND TIME OF LATEST TRANSACTION
- control field: 20191219120456.0
008 - FIXED-LENGTH DATA ELEMENTS
- fixed length control field: 191219|| aca||aabn | a|a d
040 ## - CATALOGING SOURCE
- Original cataloging agency: NUST
- Transcribing agency: NUST
100 ## - HEADING--PERSONAL NAME
- Personal name: Norberg-Schulz, Christian
670 ## - SOURCE DATA FOUND
- Source citation: Work cat.: (NUST): Norberg-Schulz, Christian, Principles of modern architecture/, 2000.
